|
|
|
|
| LEADER |
00773nam a22001691a 4500 |
| 020 |
|
|
|c 0.00
|
| 040 |
|
|
|a SSUS - Library - Kalady
|
| 082 |
|
|
|a SW 307.336 2
|b SUM/E
|
| 100 |
|
|
|a Suma P.K
|
| 245 |
|
|
|a An enquiry on social capital and CBOs : With special reference to Eruthenpathy grama panchayath in Palakkad district
|h [M.S.W Dissertation]
|
| 260 |
|
|
|a Kalady
|b Sree Sankaracharya University of Sanskrit
|c 2007
|
| 600 |
|
|
|a Community based organizations - neighbourhood
|
| 600 |
|
|
|a Master of Social Work Dissertation
|
| 852 |
|
|
|k Reference
|h SW 307.336 2
|i SUM/E
|p T1067
|9 0.00
|t 0
|
| 942 |
|
|
|c REF
|
| 999 |
|
|
|c 13452
|d 13452
|
| 952 |
|
|
|0 0
|1 0
|2 ddc
|4 0
|6 R_SW_307_336000000000000_2_SUM_E
|7 0
|9 19272
|a SSUS
|b SSUS
|c REF
|d 2015-01-08
|g 0.00
|o R SW 307.336 2 SUM/E
|p D0545
|r 2015-01-08
|v 0.00
|w 2015-01-08
|y PGD
|